| 000 | 00660nam a2200205 a 4500 | ||
|---|---|---|---|
| 005 | 20240802063708.0 | ||
| 008 | 030514s2006 mx r 000 0 spa d | ||
| 020 | _a9706417400 | ||
| 035 | _aUPN01000124205 | ||
| 049 | _aI | ||
| 050 | 4 |
_aPZ71.2 _bZ4.2 |
|
| 100 | 1 |
_aZepeda, Monique _932349 |
|
| 245 | 1 | 0 |
_aAdivina qué soñé / _cMonique Zepeda ; il. de Gloria Calderas. |
| 260 |
_aMéxico : _bProgreso, _cc2006. |
||
| 300 |
_a[42] p. : _bprincipalmente il. col. |
||
| 440 | 0 |
_aRehilete. _pPara los que se inician en la lectura |
|
| 650 | 4 |
_aLiteratura infantil mexicana _910209 |
|
| 650 | 4 |
_aLIBROS Y LECTURA PARA NIÑOS - _zMEXICO _96110 |
|
| 905 | _aInfantil | ||
| 999 |
_c96384 _d96384 |
||